000 00647nam a2200181Ia 4500
008 170510s9999 xx 000 0 und d
100 _aWilliams, Melissa J.
245 _aSexual aggression when power is new: Effects of acute high power on chronically low-power individuals.
245 _cWilliams, Melissa J.; Gruenfeld, Deborah H.; Guillory, Lucia E.
260 _bAmerican Psychological Association
260 _c2017
300 _apages 201-223,February
440 _aJournal of Personality and Social Psychology
_v112:2
650 _aGender
650 _aHostile sexism
650 _aSexual aggression
650 _aSexual harassment
999 _c329874
_d329874